| 000 | 00498nam a22001817a 4500 | ||
|---|---|---|---|
| 003 | OSt | ||
| 005 | 20260703160235.0 | ||
| 008 | 260703b |||||||| |||| 00| 0 eng d | ||
| 020 | _a0130293253 | ||
| 040 | _cChuka University Library | ||
| 050 |
_aPE 1417 _b.F5 2002 |
||
| 100 |
_aFlachmann Kim _933120 |
||
| 245 |
_aThe Prose Reader _bEssays For Thinking, Reading And Writing |
||
| 260 |
_aNew Jersey _bPearson _c2002 |
||
| 300 | _a679.p | ||
| 650 |
_aCollege Readers _922384 |
||
| 942 |
_2lcc _cBK _n0 |
||
| 999 |
_c26175 _d26175 |
||